Congressional service provider's potential evaluation methodology and rural development

Kongresový cestovný ruch je ekonomicky efektívna a veľmi prestížna záležitosť. Pre mesto, kde sa kongres koná, to znamená nielen vysoký príjem do jeho rozpočtu, ale aj nové pracovné príležitosti. Článok popisuje proces tvorby metodiky hodnotenia potenciálu poskytovateľa kongresových služieb. Navrhnu...

Full description

Saved in:
Bibliographic Details
Main Author: Ryglová, Kateřina
Other Authors: Dufek, Ondřej
Format: Book Chapter
Language:English
Subjects:
Tags: Add Tag
No Tags, Be the first to tag this record!

MARC

LEADER 00000naa$a2200000$$$4500
001 0052907
005 20231114071730.9
041 0 |a eng 
044 |a CZ 
245 1 0 |a Congressional service provider's potential evaluation methodology and rural development  |c Kateřina Ryglová, Ondřej Dufek 
520 |a Kongresový cestovný ruch je ekonomicky efektívna a veľmi prestížna záležitosť. Pre mesto, kde sa kongres koná, to znamená nielen vysoký príjem do jeho rozpočtu, ale aj nové pracovné príležitosti. Článok popisuje proces tvorby metodiky hodnotenia potenciálu poskytovateľa kongresových služieb. Navrhnutý spôsob kvantifikuje potenciál poskytovateľa pomocou indexov. 
610 2 0 |a ruch cestovný kongresový 
610 2 0 |a rozvoj územný 
610 2 0 |a vidiek 
100 1 |a Ryglová, Kateřina 
700 1 |a Dufek, Ondřej